Filme mit Robert De Niro - Sudden Death - Statistiken

Allgemein
  • Dieses Quiz wurde 92 mal gespielt
  • Das Durchschnittsergebnis liegt bei 4 aus 11
Answers on the Grid
Answers color-coded by a green-red scale on the quiz's grid according to % correct below.
Scarface
Green Street Hooligan
Heat
The Game
The Mile
Killers of the Flowermoon
Fear and Lothing in Las Vegas
The Batman - The Dark Knight Rises
Fight Club
Dirty Grandpa
Zeit des Erwachens
Arrival
The Revenant
American Hustle
Birdman
Raging Bull
GoodFellas
The Imitation Game
The Irishmen
Inception
No Country For Old Men
Der Pate l
Der Pate lll
The Departed
Joker
Oceans Eleven
Men of Honor
The Elephant Man
Der Pate ll
Speed
 
Antwortstatistiken
Antwort % Korrekt
Der Pate ll
56%
GoodFellas
51%
Heat
51%
Dirty Grandpa
49%
The Irishmen
36%
Raging Bull
33%
Men of Honor
31%
Joker
28%
Killers of the Flowermoon
21%
Zeit des Erwachens
21%
American Hustle
8%
Keine übereinstimmenden Quizze gefunden
Verteilung der Resultate
Anzahl Personen mit jedem Resultat
Perzentil nach korrekt beantworteten Fragen
Ihre Resultats-Entwicklung
Sie haben dieses Quiz noch nicht gespielt